| 000 | 01483nam a22002537a 4500 | ||
|---|---|---|---|
| 005 | 20210325191542.0 | ||
| 008 | s2539 th tha d | ||
| 041 | _atha | ||
| 090 | _aว RA644.A25 พ239ก 2539 | ||
| 100 | 0 | _aบุญใจ ศรีสถิตย์นรากูร | |
| 245 | 1 | 0 | _aการพัฒนารูปแบบการป้องกันและการควบคุมการติดเชื้อเอดส์ในสถานที่ทำงาน |
| 260 | 3 |
_aม.ป.ท. : _bคณะพยาบาลศาสตร์ จุฬาลงกรณ์มหาวิทยาลัย, _c2539 |
|
| 300 |
_a117 หน้า : _b ตาราง ; _c 29 ซม. |
||
| 650 | 0 | 4 | _aโรคเอดส์ -- การป้องกันและควบคุม -- วิจัย |
| 650 | 0 | 4 | _aการติดเชื้อเอชไอวี -- วิจัย |
| 650 | 0 | 4 | _aโรคติดต่อทางเพศสัมพันธ์ -- การป้องกันและควบคุม -- วิจัย |
| 650 | 0 | 4 | _aโรคเกิดจากไวรัส -- การป้องกันและควบคุม -- วิจัย |
| 650 | 0 | 4 | _aโรคเอดส์ -- วิจัย |
| 700 | 0 | _aบุญใจ ศรีสถิตย์นรากูร | |
| 850 | _aNALT | ||
| 942 | _cRSH | ||
| 997 |
_c000000000028802 _kVC |
||
| 998 | _aPRATHANA | ||
| 999 |
_c28802 _d28802 |
||